El Director del Instituto del Teatro, huésped de honor de Cuba
Colección:
San Jorge,
; núm. 10 (abril 1953), pàg 71
Materias:
Díaz-Plaja, Guillermo, -- 1909-1984
; Instituto del Teatro (Barcelona, Catalunya)
; Visites oficials -- Cuba
Idioma:
Español
MARC
| LEADER | 00000naa a2200000 a 4500 | ||
|---|---|---|---|
| 003 | Arxiu | ||
| 005 | 20260324181041.0 | ||
| 008 | 160829s1953 spc xx s spa c | ||
| 040 | |a agdb | ||
| 245 | 0 | 3 | |a El Director del Instituto del Teatro, huésped de honor de Cuba |
| 490 | |a San Jorge, |v núm. 10 (abril 1953), pàg 71 | ||
| 600 | 1 | 0 | |9 20224 |a Díaz-Plaja, Guillermo, |d 1909-1984 |
| 610 | 2 | 0 | |a Instituto del Teatro (Barcelona, Catalunya) |9 54846 |
| 650 | 0 | |a Visites oficials |9 54772 |z Cuba | |
| 773 | |g Núm. 10 (abril 1953), pàg 71 |t San Jorge. | ||
| 901 | |a Arxiu | ||
| 942 | |n 1 |2 udc |c ART | ||
| 952 | |0 0 |1 0 |4 0 |6 REV508 |7 1 |9 64386 |a Arxiu |b Arxiu |d 2022-11-28 |o Rev-508 |r 2022-11-28 00:00:00 |w 2022-11-28 |y ARXIU |z També disponible a Rev-522 | ||
| 999 | |c 49074 |d 49074 | ||